|
|
|
|
| LEADER |
00000naa2a2200000 4500 |
| 001 |
234006 |
| 005 |
20231031203730.0 |
| 035 |
|
|
|a (RuTPU)RU\TPU\book\255090
|
| 035 |
|
|
|a RU\TPU\book\255089
|
| 090 |
|
|
|a 234006
|
| 100 |
|
|
|a 20130315d1975 k y0rusy50 ca
|
| 101 |
0 |
|
|a rus
|
| 102 |
|
|
|a RU
|
| 200 |
1 |
|
|a Применение методов регистрации альфа-частиц и осколков деления для решения вопросов радиогеохимии
|f Л. П. Рихванов
|
| 320 |
|
|
|a Библиогр.: с. 121 (33 назв.)
|
| 461 |
|
0 |
|0 (RuTPU)RU\TPU\book\113001
|t Молодые ученые и специалисты Томской области в девятой пятилетке
|o научно-практической конференция, Томск, 1975 г.
|f Томский межотраслевой территориальный центр НТИ
|d 1975
|
| 463 |
|
0 |
|0 (RuTPU)RU\TPU\book\255014
|t Секция: физико-техническая. 1-ая подсекция: Теория и техника физического эксперимента
|o материалы конференции
|f под ред. Ю. Г. Штейна
|v С. 118-121
|d 1975
|p 168 с.
|
| 610 |
1 |
|
|a труды учёных ТПУ
|
| 700 |
|
1 |
|a Рихванов
|b Л. П.
|c российский ученый, геолог
|c профессор Томского политехнического университета, доктор геолого-минералогических наук
|c заслуженный геолог РФ
|c почетный работник высшего образования РФ
|f 1945-
|g Леонид Петрович
|2 stltpush
|3 (RuTPU)RU\TPU\pers\23187
|
| 801 |
|
1 |
|a RU
|b 63413507
|c 20130315
|
| 801 |
|
2 |
|a RU
|b 63413507
|c 20130315
|g RCR
|
| 942 |
|
|
|c BK
|